Responsabilidad de los padres como educadores de la fe / (Record no. 28891)

MARC details
000 -LEADER
campo de control de longitud fija 00799ntaaa2200229 4500
003 - IDENTIFICADOR DE NÚMERO DE CONTROL
campo de control 01
005 - FECHA Y HORA DE LA ÚLTIMA TRANSACCIÓN
campo de control 20251027203334.0
008 - DATOS DE LONGITUD FIJA--INFORMACIÓN GENERAL
campo de control de longitud fija 0714s1973 ag 01
040 ## - FUENTE DE CATALOGACIÓN
Centro catalogador/agencia de origen AR-BaBN
Lengua de catalogación spa
Centro/agencia transcriptor AR-BaBN
Normas de descripción aacr
Centro/agencia modificador RIC
100 ## - ENTRADA PRINCIPAL--NOMBRE DE PERSONA
Nombre de persona Vera, Alberto Gastón
9 (RLIN) 37167
245 ## - MENCIÓN DEL TÍTULO
Título Responsabilidad de los padres como educadores de la fe /
Mención de responsabilidad, etc. Alberto Gastón Vera
260 ## - PUBLICACIÓN, DISTRIBUCIÓN, ETC.
Lugar de publicación, distribución, etc. Buenos Aires,
Fecha de publicación, distribución, etc. 2014
300 ## - DESCRIPCIÓN FÍSICA
Extensión 46 h. ;
Dimensiones 28 cm.
500 ## - NOTA GENERAL
Nota general Incluye referencias bibliográficas
500 ## - NOTA GENERAL
Nota general Bibliografía en h. 46
502 ## - NOTA DE TESIS
Nota de tesis (licenciatura)-Seminario Internacional Teológico Bautista, 2014
505 ## - NOTA DE CONTENIDO CON FORMATO
Título Cap. 1. Padres responsables para educar en la fe
505 ## - NOTA DE CONTENIDO CON FORMATO
Título Cap. 2. Lo que los padres deben hacer para educar en la fe
505 ## - NOTA DE CONTENIDO CON FORMATO
Título Cap. 3. Conclusión y recomendación
650 ## - PUNTO DE ACCESO ADICIONAL DE MATERIA--TÉRMINO DE MATERIA
Término de materia o nombre geográfico como elemento de entrada TESIS
942 ## - ELEMENTOS DE ENTRADA SECUNDARIOS (KOHA)
Tipo de ítem Koha Colección General
Holdings
Estatus retirado Estado de pérdida Estado de daño No para préstamo Biblioteca de origen Biblioteca actual Fecha de adquisición Número de inventario Total de préstamos Código de barras Visto por última vez Precio de reemplazo Tipo de ítem Koha
        Biblioteca Pluis Biblioteca Pluis 27/10/2025 045400   045400 27/10/2025 27/10/2025 TESINAS Y TFI